00510nam a22001457a 4500020001800000082001700018100002200035245006400057260004500121300000800166650001600174942000700190952015000197999001700347 a9780190842376 a305.6970 PAR aParvez, Z. Fareen aPoliticizing Islam: The Islamic Revival in France and India aNew DelhibOxford University Pressc2017 a269 aIslam-India cBK 001040708NFICaHMIbHMIcGENd2020-09-15eDasgupta Publishers, Kolkatag895.00l1o305.6970 PARp25727r2023-03-01s2023-01-24w2020-09-18yBK c23041d23041